A larger Christian life / (Record no. 1130)
[ view plain ]
| 000 -LEADER | |
|---|---|
| fixed length control field | 00589nam a2200193 a 4500 |
| 001 - CONTROL NUMBER | |
| control field | 3385474 |
| 005 - DATE AND TIME OF LATEST TRANSACTION | |
| control field | 20241113150137.0 |
| 008 - FIXED-LENGTH DATA ELEMENTS--GENERAL INFORMATION | |
| fixed length control field | 880224r19881890pau 000 0 eng |
| 020 ## - INTERNATIONAL STANDARD BOOK NUMBER | |
| International Standard Book Number | 0875094082 |
| 050 00 - LIBRARY OF CONGRESS CALL NUMBER | |
| Classification number | BX6700.Z6 |
| Item number | S55 1988 |
| 082 00 - DEWEY DECIMAL CLASSIFICATION NUMBER | |
| Classification number | 252/.099 |
| Edition information | 19 |
| 100 1# - MAIN ENTRY--PERSONAL NAME | |
| Personal name | Simpson, A. B. |
| Fuller form of name | (Albert B.) |
| 245 12 - TITLE STATEMENT | |
| Title | A larger Christian life / |
| Statement of responsibility, etc. | A.B. Simpson. |
| 260 ## - PUBLICATION, DISTRIBUTION, ETC. | |
| Place of publication, distribution, etc. | Camp Hill, Pa. : |
| Name of publisher, distributor, etc. | Christian Publications, |
| Date of publication, distribution, etc. | c1988. |
| 300 ## - PHYSICAL DESCRIPTION | |
| Extent | 159 p. ; |
| Dimensions | 21 cm. |
| 500 ## - GENERAL NOTE | |
| General note | Originally published in 1890. Updated for contemporary readers. |
| 650 #0 - SUBJECT ADDED ENTRY--TOPICAL TERM | |
| Topical term or geographic name entry element | Sermons, American. |
| 942 ## - ADDED ENTRY ELEMENTS (KOHA) | |
| Source of classification or shelving scheme | Library of Congress Classification |
| Koha item type | Books |
| Suppress in OPAC | No |
| 999 ## - | |
| -- | 1130 |
| -- | 1130 |
| Withdrawn status | Lost status | Source of classification or shelving scheme | Damaged status | Not for loan | Collection | Home library | Current library | Shelving location | Date acquired | Total checkouts | Full call number | Barcode | Date last seen | Price effective from | Koha item type |
|---|---|---|---|---|---|---|---|---|---|---|---|---|---|---|---|
| Library of Congress Classification | Non-fiction | Law Library (Miotso) | Law Library (Miotso) | General stacks | 11/13/2024 | BX6700.Z6 SMI | LLM00000861 | 11/13/2024 | 11/13/2024 | Books |